000 00313nam a22001457a 4500
999 _c54954
_d54954
008 191030b ||||| |||| 00| 0 eng d
020 _a9786082161785
041 _aeng
080 _a341
082 _a341
100 _a14
101 _aJUR
245 _aE Drejta Administrative
_cBerisha,F
942 _2udc
_cBK